000 00610nas a2200229 4500
001 BR9602572
003 BR-BrBNA
005 20231205094725.0
007 ta
008 230509b bl.|||p| |||| 00| 00por d
040 _aBR-BrBNA
_bpor
_cBiblioteca Nacional de Agricultura
041 _a(Pt)
072 _aF01
100 1 _aStegemann, C.
245 1 _aColheita precoce
650 _aUva
650 _aColheita
650 _aSanta Catarina
773 0 _tGlobo Rural (Brazil)
_xISSN 0102-6178
_g(Apr 1996), v. 2(126) p. 7-9
_wBR9602572
909 _a202311
_bLúcia
_c55
_dLúcia Elande
942 _2AGRIS
_n0
_cANA
999 _c146391
_d146391